000 00767nam a2200217 i 4500
001 16737
003 ES-MaACL
005 20230906151403.0
007 t|
008 001030s1999 sp |||| | spa d
020 _a84-89324-63-8
080 _a347.97(460).075.1
110 2 _aEspaña.
_bConsejo General del Poder Judicial.
_93650
245 1 0 _aMemoria que el Consejo General del Poder Judicial eleva a las Cortes Generales.
260 _aMadrid :
_bConsejo General del Poder Judicial,
_c1999.
300 _a2 v. ;
_c29 cm +
_e1 CD-ROM.
500 _aMemoria correspondiente al año 1998.
610 2 4 _aEspaña.
_bConsejo General del Poder Judicial-
_vMemorias.
_9170458
852 _aES-MaACL
_jL-23902-03
_z- Libro
852 _aES-MaACL
_jROT 1/7/16
_z- CD-ROM
999 _c16737
_d16737